00657nam a2200133Ia 4500001001100000008004100011100003500052245020100087260003100288300002200319502008900341700004000430710005300470Para_10349220602s9999 xx 000 0 und d aYáñez Zúñiga, Martín aSensibilidad base a procloraz de aislados del complejo de Colletotrichum gloeosporioides de mango (Mangifera indica L.) en México / Martín Yáñez Zuñiga; Director Santos Gerardo Leyva Mir aChapingo, Méx.: el autor a1 CDS ROM (50 p.) aTesis (M.C. en Protección Vegetal). UACh. Departamento Parasitología Agrícola aLeyva Mir, Santos Gerardo. Director aUACh Departamento Parasitología AgrícolaÌ